Recombinant DNA : Science, ethics, and politics
Đã lưu trong:
| Hovedforfatter: | |
|---|---|
| Format: | Bog |
| Sprog: | Undetermined |
| Udgivet: |
New York
Academic
1978
|
| Fag: | |
| Tags: |
Tilføj Tag
Ingen Tags, Vær først til at tagge denne postø!
|
| Thư viện lưu trữ: | Trung tâm Học liệu Trường Đại học Cần Thơ |
|---|
| LEADER | 00471nam a2200181Ia 4500 | ||
|---|---|---|---|
| 001 | CTU_78569 | ||
| 008 | 210402s9999 xx 000 0 und d | ||
| 082 | |a 572.8 | ||
| 082 | |b R514 | ||
| 100 | |a Richards, John | ||
| 245 | 0 | |a Recombinant DNA : | |
| 245 | 0 | |b Science, ethics, and politics | |
| 245 | 0 | |c John Richards | |
| 260 | |a New York | ||
| 260 | |b Academic | ||
| 260 | |c 1978 | ||
| 650 | |a Recombinant DNA | ||
| 980 | |a Trung tâm Học liệu Trường Đại học Cần Thơ | ||